00815cam a2200205 4500008003700000020001500037035001200052050002400064245012400088260004900212300004100261504003800302506002000340650003600360700002900396700002700425942001300452999001900465952012500484050222t1999flua 000 0 eng u a1566703425 aa44425200aTD756 .5 bC66 199910aConstructed wetlands for the treatment of landfill leachates /ced. George Mulamoottil, Edward A. McBean, Frank Rovers. aBoca Raton, FL. : bLewis Publishers, c1999 axvii, 281 p. : 1bil., maps ;c26 cm. aIncluye bibliografía e índice aRec. prop. esc.10aConservacion de tierras humedas1 aMulamoottil, George, ed.1 aMcBean, Edward A., ed. 2lcccLIB c148293d148291 102lcc4070aINV-038bINV-038cGENERALd2019-04-29f0kCAoTD756.5 C66 1999pBIIA000001397r2019-04-29 00:00:00t0yLIB